Las Reformas agrarias y el desarrollo agrícola /

Salvato in:
Dettagli Bibliografici
Autore principale: Kovaliov, Eugueni
Natura: testo
Tags: Aggiungi Tag
Nessun Tag, puoi essere il primo ad aggiungerne!!

MARC

LEADER 00000 a a2200000 04500
001 702
003
040
100 |a Kovaliov, Eugueni  
245 |a Las Reformas agrarias y el desarrollo agrícola /  |c Eugueni Kovaliov 
773 |g número 9; páginas 69-82  
999 |c 27359  |d 27359